| 000 | 00000nam##2200000za#4500 |
| 001 | 9.604802 |
| 003 | CaOODSP |
| 005 | 20220901164727 |
| 007 | cr ||||||||||| |
| 008 | 150406|1998||||xxc|||||o f|0| 0 fre|d |
| 040 | |aCaOODSP|bfre |
| 043 | |an-cn--- |
| 086 | 1 |aJ3-7/1998-9F-PDF |
| 110 | 1 |aCanada.|bJustice Canada. |
| 245 | 10|aEnquête sur les armes à feu chez les Cris de la Baie James / |h[ressource électronique]|c[par] Association des trappeurs cris. |
| 260 | |aOttawa - Ontario : |bJustice Canada |c1998. |
| 490 | 1 |aRapport technique|vTR1998-9f |
| 590 | |a12-40-Supp|b2012-10-23 |
| 775 | 08|tJames Bay Cree gun survey / |w(CaOODSP)9.575265 |
| 830 | #0|aRapport technique ;|vTR1998-9f|w(CaOODSP)9.502068 |
| 856 | 40|ahttp://publications.gc.ca|qPDF|s160 Ko|uhttps://publications.gc.ca/collections/collection_2012/jus/J3-7-1998-9-fra.pdf|yTR1998-9f |